| 000 | 00388nam a2200157Ia 4500 | ||
|---|---|---|---|
| 008 | 230312s9999||||xx |||||||||||||| ||und|| | ||
| 020 | _a81-317-2736-2 | ||
| 082 |
_a658.3 _bLEP-H |
||
| 100 | _aLepak;David | ||
| 245 | 0 | _aHuman Resource Management | |
| 260 |
_bPearsons _aIndia _c2009 |
||
| 300 | _a486 | ||
| 546 | _aEng. | ||
| 650 |
_aManagement _vHuman Resource Management |
||
| 942 | _cBK | ||
| 999 |
_c7172 _d7172 |
||